Wilayah persekutuan

Bibliographic Details
Format: Book
Published: Petaling Jaya : Kompas , 1986
Series:Malaysia Tanahair Tercinta
Subjects:

MARC

LEADER 00000cam a2200000 7i4500
001 0000032755
002 000035356
005 20081219.0
020 |a 9679520811 
090 0 0 |a 915.95104   |b WIL 
245 0 0 |a Wilayah persekutuan 
260 |a Petaling Jaya :   |b Kompas ,   |c 1986 
300 |a 30p. :   |b ill. ;   |c 18cm. 
490 0 |a Malaysia Tanahair Tercinta 
650 0 0 |a Wilayah Persekutuan   |x Description and travel   |x Juvenile literature 
999 |a 0003347   |b BUKU   |c MALAYSIANA   |e PERPUSTAKAAN KOMUNITI PETALING JAYA